Państwa z największą liczbą graczy NHL w hokeja - Statystyki

Ogólne statystyki
  • Ten quiz został rozwiązany 48 razy
  • Średni wynik to 9 z 10
Statystyki odpowiedzi
% Państwo % Poprawnych
65,5 Kanada
100%
3,9 Rosja
100%
14,9 Stany Zjednoczone
100%
2,6 Finlandia
95%
3,5 Czechy
93%
5,7 Szwecja
93%
0,4 Niemcy
89%
1,4 Słowacja
89%
0,4 Szwajcaria
77%
0,3 Wielka Brytania
43%
Nie znaleziono quizów pasujących do podanych kryteriów
Rozkład punktacji
Procent ludzi z każdym wynikiem
Percentyl według liczby udzielonych odpowiedzi
Twoja historia wyników
Nie rozwiązałeś tego quizu